| 000 | 00989cam a22003257a 4500 | ||
|---|---|---|---|
| 003 | CHAP | ||
| 005 | 20220817041152.0 | ||
| 008 | 971013s1991 us a r 00010 eng d | ||
| 010 | _a7847 | ||
| 011 | _a8819 | ||
| 035 | _a8050 | ||
| 040 | _cCHAP | ||
| 082 | 0 | 4 |
_a634.81 _bP8 |
| 100 | 0 | 0 |
_aPutz, Francis E. _eed. _993076 |
| 245 | 1 | 4 | _aThe biology of vines |
| 260 |
_aNew York : _bCambridge University Press, _c1991 |
||
| 300 |
_a526 p. _b: ilus. ; gráfs |
||
| 590 |
_aBATCH-UPD _b10 _c20130109 _lUCH01 _h2313 |
||
| 590 |
_aBATCH-UPD _b10 _c20130110 _lUCH01 _h1130 |
||
| 590 |
_aBATCH-UPD _b10 _c20130409 _lUCH01 _h1832 |
||
| 590 |
_aBATCH-UPD _b10 _c20130914 _lUCH01 _h1947 |
||
| 590 |
_aCONVERSION _b10 _c20130109 _lUCH01 _h1305 |
||
| 650 | 1 | 4 |
_aVid. _9119097 |
| 650 | 1 | 4 |
_aVid _xFisiología y morfología. _9119114 |
| 650 | 1 | 4 | _aViticultura. |
| 700 | 0 |
_aMooney, Harold A. _978048 |
|
| 901 | _aBK | ||
| 942 | _cLIBRO | ||
| 949 |
_a634.81 P8 _bBC _cLIBRO _d33724000211629 _eLIBRO _h84528 _i8050 _mD _si |
||
| 999 |
_c7847 _d7847 |
||